[Event "3rd Kolkata GM Open 2018"]
[Site "Kolkata IND"]
[Date "2018.05.21"]
[Round "8.19"]
[White "Neelotpal, Das"]
[Black "Vaishali, R"]
[Result "1-0"]
[WhiteTitle "GM"]
[BlackTitle "WIM"]
[WhiteElo "2452"]
[BlackElo "2316"]
[WhiteFideId "5003512"]
[BlackFideId "5091756"]
[EventDate "2018.05.14"]

1. e4 c5 2. Nf3 d6 3. d4 cxd4 4. Nxd4 Nf6 5. Nc3 Nc6 6. Bg5 g6 7. Bxf6 exf6 8.
Bb5 Bd7 9. O-O a6 10. Bc4 Bg7 11. Nde2 b5 12. Bb3 b4 13. Na4 Qb8 14. Qd5 O-O 15.
Rfd1 Ne5 16. Ng3 Bc6 17. Qxd6 Qxd6 18. Rxd6 Bxa4 19. Bxa4 Nc4 20. Rc6 Nxb2 21.
Bb3 Rfc8 22. Rxc8+ Rxc8 23. a3 a5 24. axb4 a4 25. Bd5 Rxc2 26. b5 Bf8 27. b6 Bc5
28. b7 Bxf2+ 29. Kf1 Ba7 30. Ne2 Kg7 31. Nd4 Rd2 32. Nc6 1-0

[Event "3rd Kolkata GM Open 2018"]
[Site "Kolkata IND"]
[Date "2018.05.21"]
[Round "8.20"]
[White "Manigandan, S S"]
[Black "Sundararajan, Kidambi"]
[Result "1/2-1/2"]
[BlackTitle "GM"]
[WhiteElo "2128"]
[BlackElo "2434"]
[WhiteFideId "5034981"]
[BlackFideId "5005370"]
[EventDate "2018.05.14"]

1. d4 e6 2. c4 b6 3. Nf3 Bb7 4. Nc3 Bb4 5. Bd2 Nf6 6. g3 c5 7. a3 Bxc3 8. Bxc3
Ne4 9. Rc1 O-O 10. Bg2 d6 11. O-O f5 12. Qd3 Nd7 13. Nd2 cxd4 14. Nxe4 dxc3 15.
Nxc3 Bxg2 16. Kxg2 Ne5 17. Qd4 Qe7 18. Rfd1 Rad8 19. Nb5 f4 20. Qe4 f3+ 21. exf3
Nxf3 22. Rc3 Ng5 23. Qg4 d5 24. f4 Ne4 25. Re3 Qf6 26. Nd4 Rde8 27. cxd5 exd5
28. Qd7 Qf7 29. Qxf7+ Rxf7 30. Nb5 g5 31. Rxd5 gxf4 32. Rg5+ Kf8 33. Rxe4 Rxe4
34. Nd6 Re2+ 35. Kf1 Rxb2 36. Nxf7 Kxf7 37. Rf5+ Kg6 38. Rxf4 Rxh2 39. Rd4 Ra2
40. a4 Rb2 41. a5 h5 42. Rd7 bxa5 43. Rd6+ Kf7 44. Rd5 a4 45. Ra5 Kg6 46. Rxa4
Rb7 47. Ra5 Rh7 48. Kg2 Kf6 49. Kh3 Ke6 50. Kh4 Kf6 51. Kh3 Ke6 52. Kh4 Kd6 53.
Kg5 Kc6 54. Kg6 Rb7 1/2-1/2

[Event "3rd Kolkata GM Open 2018"]
[Site "Kolkata IND"]
[Date "2018.05.22"]
[Round "9.1"]
[White "Narayanan, Srinath"]
[Black "Shyam, Sundar M."]
[Result "1/2-1/2"]
[WhiteTitle "GM"]
[BlackTitle "GM"]
[WhiteElo "2525"]
[BlackElo "2518"]
[WhiteFideId "5018420"]
[BlackFideId "5019141"]
[EventDate "2018.05.14"]

1. e4 c5 2. Nf3 e6 3. d4 cxd4 4. Nxd4 Nc6 5. Nc3 d6 6. g3 Nf6 7. Bg2 Bd7 8. O-O
Be7 9. Re1 a6 10. Nxc6 Bxc6 11. a4 Rc8 12. a5 Nd7 13. Be3 h5 14. Bd4 Kf8 15. Na4
h4 16. Nb6 Nxb6 17. Bxb6 Qd7 18. Qg4 g6 19. c4 Rh5 20. Rad1 hxg3 21. hxg3 Rg5
22. Qh4 Rh5 23. Qg4 Rg5 24. Qh4 Rh5 25. Qg4 Rg5 26. Qh4 Rh5 27. Qg4 Rg5 1/2-1/2

[Event "3rd Kolkata GM Open 2018"]
[Site "Kolkata IND"]
[Date "2018.05.22"]
[Round "9.3"]
[White "Deepan, Chakkravarthy J."]
[Black "Sengupta, Deep"]
[Result "1-0"]
[WhiteTitle "GM"]
[BlackTitle "GM"]
[WhiteElo "2516"]
[BlackElo "2563"]
[WhiteFideId "5011132"]
[BlackFideId "5008352"]
[EventDate "2018.05.14"]

1. c4 e6 2. g3 d5 3. Bg2 Nf6 4. Nf3 d4 5. b4 a5 6. b5 c5 7. e3 Nbd7 8. O-O Bd6
9. exd4 cxd4 10. Nxd4 Be5 11. Nc6 bxc6 12. d4 Bc7 13. Bxc6 Rb8 14. Ba3 Bb7 15.
Nc3 h5 16. Re1 h4 17. Qd3 Rh6 18. Qf5 Ng4 19. Qxg4 hxg3 20. hxg3 g5 21. Nd5 Bxc6
22. bxc6 Nf8 23. Be7 Qc8 24. Qxg5 Rg6 25. Nf6+ 1-0

[Event "3rd Kolkata GM Open 2018"]
[Site "Kolkata IND"]
[Date "2018.05.22"]
[Round "9.4"]
[White "Gupta, Abhijeet"]
[Black "Burmakin, Vladimir"]
[Result "1/2-1/2"]
[WhiteTitle "GM"]
[BlackTitle "GM"]
[WhiteElo "2619"]
[BlackElo "2528"]
[WhiteFideId "5010608"]
[BlackFideId "4105109"]
[EventDate "2018.05.14"]

1. d4 Nf6 2. c4 c6 3. Nc3 d5 4. Nf3 a6 5. Qc2 g6 6. e4 dxe4 7. Nxe4 Bf5 8. Bd3
Nbd7 9. O-O Bxe4 10. Bxe4 Bg7 11. Re1 O-O 12. Bd3 Re8 13. Bf4 Nh5 14. Bg5 Bf6
15. Bd2 e5 16. g4 Ng7 17. g5 Be7 18. dxe5 Ne6 19. h4 Ndc5 20. Be4 Nxe4 21. Rxe4 1/2-1/2

[Event "3rd Kolkata GM Open 2018"]
[Site "Kolkata IND"]
[Date "2018.05.22"]
[Round "9.5"]
[White "Harsha, Bharathakoti"]
[Black "Sandipan, Chanda"]
[Result "1-0"]
[WhiteTitle "IM"]
[BlackTitle "GM"]
[WhiteElo "2463"]
[BlackElo "2573"]
[WhiteFideId "5078776"]
[BlackFideId "5004225"]
[EventDate "2018.05.14"]

1. d4 f5 2. c4 Nf6 3. Nc3 e6 4. Qc2 b6 5. e3 Bb7 6. f3 c5 7. a3 Be7 8. Bd3 O-O
9. Nge2 Nc6 10. O-O Qb8 11. Bd2 Bd6 12. f4 Qe8 13. d5 Ne7 14. e4 fxe4 15. Nxe4
Nxe4 16. Bxe4 Ng6 17. Nc3 Nxf4 18. Bxf4 Bxf4 19. dxe6 Bc6 20. Bxc6 dxc6 21. Qe4
Bd6 22. Rxf8+ Bxf8 23. Rd1 Rd8 24. Rxd8 Qxd8 25. Qxc6 Qd4+ 26. Kh1 Qxc4 27. h3
Qf1+ 28. Kh2 Qf4+ 29. Kg1 c4 30. Qe8 h6 31. Ne2 Qf6 32. Nc3 Kh7 33. Qc6 Qd4+ 34.
Kf1 Qd3+ 35. Ke1 Bxa3 36. bxa3 Qxc3+ 37. Kf2 Qd4+ 38. Kf3 Qd3+ 39. Kf4 Qf1+ 40.
Ke5 Qe2+ 41. Kd6 Qd3+ 42. Kc7 Qg3+ 43. Kd7 Qd3+ 44. Kc8 c3 45. e7 Qf5+ 46. Kd8
c2 47. e8=Q Qg5+ 48. Kd7 Qd2+ 49. Ke7 Qe3+ 50. Kf8 Qxa3+ 51. Qe7 Qb2 52. Qxc2+ 1-0

[Event "3rd Kolkata GM Open 2018"]
[Site "Kolkata IND"]
[Date "2018.05.22"]
[Round "9.6"]
[White "Nihal, Sarin"]
[Black "Nguyen, Van Huy"]
[Result "1/2-1/2"]
[WhiteTitle "IM"]
[BlackTitle "IM"]
[WhiteElo "2551"]
[BlackElo "2462"]
[WhiteFideId "25092340"]
[BlackFideId "12401064"]
[EventDate "2018.05.14"]

1. d4 Nf6 2. c4 e6 3. Nf3 d5 4. Nc3 dxc4 5. e4 Bb4 6. Bg5 c5 7. Bxc4 cxd4 8.
Nxd4 Qa5 9. Bd2 Qc5 10. Bb5+ Bd7 11. Nb3 Qe7 12. Bd3 Nc6 13. O-O O-O 14. a3 Bd6
15. f4 e5 16. f5 Nd4 17. Bg5 Bc6 18. Bc4 h6 19. Bh4 Nxb3 20. Qxb3 Bc5+ 21. Kh1
Be3 22. Bxf6 Qxf6 23. Nd5 Bxd5 24. Bxd5 Bd4 25. Rac1 Rac8 26. g3 b6 27. h4 a5
28. a4 Rfd8 29. Kg2 Rc5 30. Rxc5 Bxc5 31. Rc1 Rc8 32. Qf3 Rc7 33. Qh5 Kh7 34. g4
g5 35. hxg5 Qxg5 36. Qxg5 hxg5 1/2-1/2

[Event "3rd Kolkata GM Open 2018"]
[Site "Kolkata IND"]
[Date "2018.05.22"]
[Round "9.7"]
[White "Raghunandan, Kaumandur Srihari"]
[Black "Tukhaev, Adam"]
[Result "0-1"]
[WhiteTitle "IM"]
[BlackTitle "GM"]
[WhiteElo "2400"]
[BlackElo "2551"]
[WhiteFideId "25004964"]
[BlackFideId "14109476"]
[EventDate "2018.05.14"]

1. d4 Nf6 2. c4 g6 3. Nc3 Bg7 4. e4 d6 5. h3 O-O 6. Be3 c5 7. Nf3 cxd4 8. Nxd4
b6 9. g3 Bb7 10. Bg2 Nbd7 11. O-O Rb8 12. Qd2 Rc8 13. b3 Nc5 14. f3 a6 15. Rac1
e6 16. g4 Qe7 17. Rfe1 Rfd8 18. Bf2 Nfd7 19. Rcd1 Ne5 20. Qe3 g5 21. Bf1 Ng6 22.
b4 Nd7 23. Na4 Be5 24. Nb3 Qf6 25. c5 Bf4 26. Qc3 Be5 27. Qe3 bxc5 28. bxc5 d5
29. Na5 d4 30. Qd2 Ba8 31. Bxa6 Qxf3 32. Qd3 Bh2+ 33. Kxh2 Qxf2+ 34. Kh1 Nxc5
35. Nxc5 Rxc5 36. Rf1 Qxa2 37. Ra1 Qc2 0-1

[Event "3rd Kolkata GM Open 2018"]
[Site "Kolkata IND"]
[Date "2018.05.22"]
[Round "9.8"]
[White "Karthikeyan, Murali"]
[Black "Khusenkhojaev, Muhammad"]
[Result "1-0"]
[WhiteTitle "GM"]
[BlackTitle "IM"]
[WhiteElo "2617"]
[BlackElo "2456"]
[WhiteFideId "5074452"]
[BlackFideId "14700247"]
[EventDate "2018.05.14"]

1. e4 e5 2. Nf3 Nc6 3. Bb5 a6 4. Ba4 Nf6 5. O-O Be7 6. Re1 b5 7. Bb3 d6 8. c3
O-O 9. h3 Nb8 10. d4 Nbd7 11. c4 c6 12. Nc3 b4 13. Na4 c5 14. d5 Kh8 15. Bc2 Ng8
16. Nh2 Bg5 17. b3 a5 18. a3 Bxc1 19. Qxc1 Ne7 20. Nb2 Rb8 21. Nd3 f5 22. f4
fxe4 23. Rxe4 Ng6 24. axb4 axb4 25. fxe5 Ndxe5 26. Nxe5 Nxe5 27. Qe3 Ng6 28. g4
Bd7 29. Nf3 Qf6 30. Rf1 Ra8 31. Qd3 Ra2 32. Re2 Rb2 33. Ref2 Qe7 34. Nh4 Rxf2
35. Nxg6+ hxg6 36. Rxf2 Be8 37. Re2 Qd8 38. Qf3 Kg8 39. h4 Bd7 40. g5 Qf8 41.
Qxf8+ Kxf8 42. Rf2+ Kg8 43. Kg2 Be8 44. Kg3 Ra2 45. h5 Ra7 46. Re2 Kf8 47. h6
gxh6 48. gxh6 Bf7 49. Rf2 Kg8 50. Kg4 Kh7 51. Kg5 Re7 52. Rxf7+ 1-0

[Event "3rd Kolkata GM Open 2018"]
[Site "Kolkata IND"]
[Date "2018.05.22"]
[Round "9.9"]
[White "Amonatov, Farrukh"]
[Black "Neelotpal, Das"]
[Result "1-0"]
[WhiteTitle "GM"]
[BlackTitle "GM"]
[WhiteElo "2608"]
[BlackElo "2452"]
[WhiteFideId "14700077"]
[BlackFideId "5003512"]
[EventDate "2018.05.14"]

1. e4 e5 2. Nf3 Nc6 3. Bb5 a6 4. Ba4 Nf6 5. O-O Be7 6. Qe2 b5 7. Bb3 O-O 8. c3
d5 9. d3 h6 10. Nbd2 Re8 11. Re1 Bf8 12. Nf1 Bb7 13. Ng3 Qd7 14. Nh4 Ne7 15. Qf3
Qg4 16. Qxg4 Nxg4 17. Nf3 dxe4 18. Nxe4 Ng6 19. a4 Be7 20. Be3 Nxe3 21. fxe3 Kf8
22. Rf1 f6 23. h4 Bxe4 24. dxe4 Bc5 25. Kf2 Rab8 26. Rfb1 Nf4 27. axb5 axb5 28.
g3 Ne6 29. Ke2 c6 30. h5 Ng5 31. Nh4 Red8 32. Bc2 Rd7 33. Rd1 Rxd1 34. Rxd1 Ke8
35. Nf5 Bf8 36. Ra1 c5 37. Ra7 Ne6 38. Kd2 c4 39. b3 Rd8+ 40. Ke2 Rd7 41. Ra5
Rb7 42. bxc4 bxc4 43. Ba4+ Kd8 44. Bb5 Kc7 45. Bxc4 Ng5 46. Bd5 Kb6 47. Ra8 1-0

[Event "3rd Kolkata GM Open 2018"]
[Site "Kolkata IND"]
[Date "2018.05.22"]
[Round "9.10"]
[White "Rozum, Ivan"]
[Black "Das, Sayantan"]
[Result "1-0"]
[WhiteTitle "GM"]
[BlackTitle "IM"]
[WhiteElo "2581"]
[BlackElo "2437"]
[WhiteFideId "24104272"]
[BlackFideId "5034426"]
[EventDate "2018.05.14"]

1. Nf3 d5 2. e3 Nf6 3. c4 c6 4. Nc3 a6 5. d4 Bf5 6. c5 Nbd7 7. Nh4 Bg4 8. f3 Bh5
9. g4 Bg6 10. b4 e5 11. g5 Bh5 12. gxf6 Qxf6 13. Ng2 Bxf3 14. Qd2 O-O-O 15. Qf2
exd4 16. exd4 Nxc5 17. bxc5 Bxc5 18. Ne2 Rhe8 19. Be3 Re4 20. Rb1 Rde8 21. Rb3
a5 22. a3 a4 23. Rd3 Bb6 24. Rg1 c5 25. Ngf4 c4 26. Nxd5 Ba5+ 27. Bd2 Bxd2+ 28.
Rxd2 Qe6 29. Qxf3 Qxd5 30. Bg2 Qd7 31. Bh3 1-0

[Event "3rd Kolkata GM Open 2018"]
[Site "Kolkata IND"]
[Date "2018.05.22"]
[Round "9.11"]
[White "Nitin, S."]
[Black "Vishnu Prasanna, V"]
[Result "0-1"]
[WhiteTitle "IM"]
[BlackTitle "GM"]
[WhiteElo "2432"]
[BlackElo "2532"]
[WhiteFideId "5018277"]
[BlackFideId "5030692"]
[EventDate "2018.05.14"]

1. e4 c6 2. Nc3 d5 3. Nf3 Bg4 4. h3 Bxf3 5. Qxf3 e6 6. d3 g6 7. h4 h5 8. Bg5 Be7
9. Bxe7 Qxe7 10. d4 Nd7 11. O-O-O Ngf6 12. g3 Nxe4 13. Nxe4 dxe4 14. Qxe4 Nf6
15. Qe5 O-O-O 16. Bg2 Ng4 17. Qf4 Rd7 18. Rd2 Rhd8 19. Rhd1 Rd6 20. Bf3 Qf6 21.
Qxf6 Nxf6 22. a3 Kc7 23. c4 R6d7 24. b3 Ne8 25. Kc2 Nd6 26. Kc3 a5 27. a4 b6 28.
c5 Nf5 29. Be4 Ne7 30. cxb6+ Kxb6 31. Rd3 Kc7 32. Kb2 f5 33. Bg2 e5 34. Kc3 e4
35. R3d2 Rb8 36. Bf1 Nd5+ 37. Kb2 Kd6 38. Bc4 Nb6 39. Kc3 Rdb7 40. Rc2 Nxc4 41.
bxc4 Rb3+ 42. Kd2 R8b4 0-1

[Event "3rd Kolkata GM Open 2018"]
[Site "Kolkata IND"]
[Date "2018.05.22"]
[Round "9.12"]
[White "Lalith, Babu M R"]
[Black "Ravi, Teja S."]
[Result "1/2-1/2"]
[WhiteTitle "GM"]
[BlackTitle "IM"]
[WhiteElo "2531"]
[BlackElo "2338"]
[WhiteFideId "5024595"]
[BlackFideId "5017220"]
[EventDate "2018.05.14"]

1. c4 c6 2. Nf3 d5 3. g3 Bg4 4. Bg2 e6 5. O-O Nf6 6. d4 Nbd7 7. h3 Bh5 8. Nc3
Be7 9. Re1 O-O 10. g4 Bg6 11. Nh4 dxc4 12. Nxg6 hxg6 13. e4 e5 14. Be3 Qc7 15.
Qe2 exd4 16. Bxd4 Ne5 17. Red1 g5 18. Qe3 c5 19. Bxe5 Qxe5 20. Qe2 a6 21. a4 b5
22. axb5 axb5 23. Nxb5 Rxa1 24. Rxa1 Nd5 25. Qc2 Nf4 26. Na3 c3 27. Nc4 cxb2 28.
Rb1 Qd4 29. Rxb2 Nd3 30. Rb7 Bf6 31. Bf1 Nb4 32. Qe2 Re8 33. Nd2 Qd6 34. Qc4 Re7
35. Rxe7 Bxe7 36. Nf3 Nc6 37. Qd5 Nd4 38. Nxd4 Qxd5 39. exd5 cxd4 1/2-1/2

[Event "3rd Kolkata GM Open 2018"]
[Site "Kolkata IND"]
[Date "2018.05.22"]
[Round "9.13"]
[White "Neverov, Valeriy"]
[Black "Tran, Minh Thang"]
[Result "1-0"]
[WhiteTitle "GM"]
[BlackTitle "IM"]
[WhiteElo "2496"]
[BlackElo "2404"]
[WhiteFideId "14100150"]
[BlackFideId "12401080"]
[EventDate "2018.05.14"]

1. d4 d5 2. Bf4 c5 3. e3 Nc6 4. Nc3 cxd4 5. exd4 Bf5 6. Bd3 Bxd3 7. Qxd3 e6 8.
Nge2 Nf6 9. O-O-O a6 10. Kb1 Rc8 11. h4 Qa5 12. h5 b5 13. Nc1 Nb4 14. Qe2 Be7
15. Nb3 Qb6 16. h6 g6 17. Bg5 Rxc3 18. Bxf6 Bxf6 19. bxc3 Nc6 20. Qf3 Ke7 21.
Rh3 a5 22. Re1 Rd8 23. Qf4 g5 24. Qf5 g4 25. Qxg4 a4 26. Rf3 axb3 27. Qf4 bxc2+
28. Kc1 Qa7 29. Qxf6+ Ke8 30. Qh8+ Ke7 31. Qf6+ Ke8 32. Qh8+ Ke7 33. Qxh7 Rf8
34. Qxc2 b4 35. h7 Rc8 36. Qf5 Ne5 37. Qf6+ Kd6 38. Qxe5+ Kc6 39. h8=Q Rxh8 40.
Qxh8 Qxa2 41. Qc8+ Kd6 42. Qc5+ 1-0

[Event "3rd Kolkata GM Open 2018"]
[Site "Kolkata IND"]
[Date "2018.05.22"]
[Round "9.14"]
[White "Rahul, Srivatshav P"]
[Black "Rahman, Ziaur"]
[Result "0-1"]
[WhiteTitle "IM"]
[BlackTitle "GM"]
[WhiteElo "2402"]
[BlackElo "2495"]
[WhiteFideId "25059653"]
[BlackFideId "10200037"]
[EventDate "2018.05.14"]

1. d4 d6 2. c4 e5 3. d5 g6 4. e4 Nd7 5. Nc3 Ngf6 6. Bd3 Be7 7. Nge2 Nh5 8. g4
Ng7 9. Bh6 O-O 10. Qd2 Nc5 11. f3 Bh4+ 12. Kd1 Qf6 13. Ng1 Nxd3 14. Qxd3 a6 15.
Nge2 b5 16. b3 Bd7 17. Kc2 Rfb8 18. Rhg1 Bg5 19. Bxg5 Qxg5 20. h4 Qd8 21. Qe3
bxc4 22. bxc4 c5 23. f4 Rb4 24. Kd3 Qb6 25. Rab1 Bxg4 26. Rxb4 Bxe2+ 27. Nxe2
Qxb4 28. f5 Qa3+ 29. Nc3 Nh5 30. Rb1 Qa5 31. fxg6 hxg6 32. Qg5 Qc7 33. Kc2 Kg7
34. Rg1 Rh8 35. Ne2 Qd7 36. Rf1 Qh3 37. Rf2 f6 38. Qg2 Qxh4 39. Rf1 Nf4 40. Nxf4
exf4 41. Rg1 Qh2 0-1

[Event "3rd Kolkata GM Open 2018"]
[Site "Kolkata IND"]
[Date "2018.05.22"]
[Round "9.15"]
[White "Sangma, Rahul"]
[Black "Iniyan, P"]
[Result "0-1"]
[WhiteTitle "IM"]
[BlackTitle "IM"]
[WhiteElo "2295"]
[BlackElo "2469"]
[WhiteFideId "5013615"]
[BlackFideId "25002767"]
[EventDate "2018.05.14"]

1. Nf3 Nf6 2. g3 g6 3. b3 Bg7 4. Bb2 O-O 5. Bg2 d5 6. c4 c6 7. O-O Bg4 8. h3
Bxf3 9. Bxf3 d4 10. b4 e5 11. d3 Qd7 12. Bg2 a5 13. a3 Na6 14. Qb3 Rfe8 15. Nd2
Bf8 16. c5 Nd5 17. Nc4 axb4 18. axb4 Qe6 19. Ba3 f5 20. Rfe1 e4 21. dxe4 fxe4
22. Rad1 Bg7 23. Bb2 e3 24. f4 b5 25. cxb6 Nxb6 26. Rc1 Nxc4 27. Rxc4 Rab8 28.
Rd1 Nc5 29. Qc2 d3 30. Rxd3 Nxd3 31. Bxg7 Ne1 32. Qe4 Qxe4 33. Bxe4 Kxg7 34.
Bxc6 Red8 35. b5 Rd2 36. Re4 Nc2 0-1

[Event "3rd Kolkata GM Open 2018"]
[Site "Kolkata IND"]
[Date "2018.05.22"]
[Round "9.16"]
[White "Aravindh, Chithambaram VR."]
[Black "Roy Chowdhury, Saptarshi"]
[Result "1-0"]
[WhiteTitle "GM"]
[BlackTitle "GM"]
[WhiteElo "2597"]
[BlackElo "2338"]
[WhiteFideId "5072786"]
[BlackFideId "5002974"]
[EventDate "2018.05.14"]

1. Nf3 Nf6 2. g3 d6 3. d4 c6 4. Bg2 Bf5 5. O-O h6 6. b3 Nbd7 7. Bb2 e6 8. c4 Be7
9. Nc3 O-O 10. d5 cxd5 11. cxd5 e5 12. Nd2 Bh7 13. e4 Nc5 14. Qe2 a5 15. Ba3
Nfd7 16. Bh3 f5 17. Bxf5 Bxf5 18. exf5 Rxf5 19. Nc4 Qf8 20. Nb5 Rf6 21. Rac1 b6
22. Bb2 Rg6 23. Nc7 Rc8 24. Ne6 Nxe6 25. dxe6 Rxe6 26. Qg4 Qf6 27. f4 d5 28.
Nxe5 Rxc1 29. Rxc1 Bc5+ 30. Kg2 Nxe5 31. Bxe5 Qf7 32. Rd1 Re7 33. Qf3 Rd7 34.
Rd3 Qe6 35. h4 Rd8 36. h5 d4 37. Qe4 Qg4 38. Qf3 Qe6 39. a4 Qd7 40. Qe4 Qg4 41.
Qf3 Qd7 42. g4 Qe6 43. Kg3 Re8 44. Qb7 Re7 45. Qa8+ Re8 46. Qf3 Qd7 47. Qe4 Re7
48. Kh3 Qe6 49. Qa8+ Re8 50. Qf3 Qd7 51. Qe4 Re7 52. Rg3 Qe6 53. Qa8+ Re8 54.
Qb7 Re7 55. Qf3 Qf7 56. Qa8+ Re8 57. Qc6 Kh7 58. Qe4+ Kg8 59. Qc6 Kh7 60. Kg2
Kg8 61. Rd3 Rd8 62. Kf3 Qe7 63. Kg3 Rd6 64. Qe4 Rd8 65. Qg6 Qd7 66. Kh3 Rf8 67.
Kh2 Rf7 68. Rg3 Be7 69. Qxb6 Bh4 70. Rg2 d3 71. Qxa5 Qe6 72. g5 hxg5 73. Qd8+
Rf8 74. Qxd3 Rc8 75. Qg6 1-0

[Event "3rd Kolkata GM Open 2018"]
[Site "Kolkata IND"]
[Date "2018.05.22"]
[Round "9.17"]
[White "Gomes, Mary Ann"]
[Black "Tran, Tuan Minh"]
[Result "0-1"]
[WhiteTitle "WGM"]
[BlackTitle "GM"]
[WhiteElo "2290"]
[BlackElo "2512"]
[WhiteFideId "5013623"]
[BlackFideId "12401820"]
[EventDate "2018.05.14"]

1. e4 c5 2. Nf3 d6 3. Bb5+ Nd7 4. O-O Nf6 5. Re1 e6 6. c4 Be7 7. Nc3 O-O 8. Bxd7
Bxd7 9. d4 cxd4 10. Qxd4 Qc7 11. h3 a6 12. a4 Rfd8 13. Be3 Rac8 14. Nd2 Be8 15.
Qb6 Qb8 16. a5 Bc6 17. Bf4 Nd7 18. Qe3 Ne5 19. Na4 Bxa4 20. Rxa4 Qc7 21. Qb3 Qc6
22. Raa1 Rd7 23. Rec1 Rdc7 24. c5 Qd7 25. Bxe5 dxe5 26. Nf3 Bxc5 27. Rd1 Qc6 28.
Qd3 f6 29. Rac1 Qa4 30. Ra1 Qb4 31. Rd2 Be7 32. Qf1 Qxe4 33. Rad1 Qa4 34. Ra1
Qb4 35. Qd1 Qb5 36. Kh1 Kf7 37. Ng1 e4 38. Ne2 Qe5 39. Nc3 f5 40. Rd4 g6 41.
Raa4 Qf4 42. f3 Bf6 43. Rd7+ Ke8 44. Rxc7 Rxc7 45. Ne2 Qe3 46. fxe4 Be5 47. exf5
Qxe2 0-1

[Event "3rd Kolkata GM Open 2018"]
[Site "Kolkata IND"]
[Date "2018.05.22"]
[Round "9.18"]
[White "Sekar, B"]
[Black "Swapnil, S. Dhopade"]
[Result "0-1"]
[BlackTitle "GM"]
[WhiteElo "2304"]
[BlackElo "2505"]
[WhiteFideId "5043743"]
[BlackFideId "5019184"]
[EventDate "2018.05.14"]

1. e4 c6 2. Nc3 d5 3. Nf3 Nf6 4. e5 Ne4 5. Ne2 Qb6 6. d4 e6 7. Ng3 c5 8. c3 Nc6
9. Bd3 Nxg3 10. hxg3 cxd4 11. cxd4 Bd7 12. Kf1 Be7 13. g4 Nb4 14. Bb1 Bb5+ 15.
Kg1 Nc6 16. Be3 O-O-O 17. Kh2 h6 18. g3 Kb8 19. Bd3 Rc8 20. Rb1 Nb4 21. Bxb5
Qxb5 22. a3 Nc2 23. Bd2 Qd3 24. Ba5 Qe4 25. Rc1 Bg5 26. Nd2 Bxd2 27. Qxd2 h5 28.
g5 Nxd4 29. Qf4 Qxf4 30. gxf4 g6 31. Bb4 b6 32. Rcd1 Rc4 33. Rd3 Nf5 34. Bd2
Rhc8 35. Kg2 Rd4 36. Rhh3 Rc2 37. Rxd4 Nxd4 38. Bb4 Kb7 39. Rd3 Nf5 40. Bc3 Kc6
41. Kf1 Rc1+ 42. Ke2 Kb7 43. a4 a5 44. b4 axb4 45. Bxb4 Rc4 46. Rb3 Nd4+ 0-1

[Event "3rd Kolkata GM Open 2018"]
[Site "Kolkata IND"]
[Date "2018.05.22"]
[Round "9.19"]
[White "Vignesh, N R"]
[Black "Ashwath, R."]
[Result "1-0"]
[WhiteTitle "IM"]
[WhiteElo "2485"]
[BlackElo "2288"]
[WhiteFideId "25012215"]
[BlackFideId "5021049"]
[EventDate "2018.05.14"]

1. e4 c5 2. Nf3 Nc6 3. d4 cxd4 4. Nxd4 g6 5. c4 Nf6 6. Nc3 Nxd4 7. Qxd4 d6 8.
Be3 Bg7 9. f3 O-O 10. Qd2 a5 11. Na4 Be6 12. Nb6 Rb8 13. Be2 Nd7 14. Nd5 a4 15.
Rc1 Nc5 16. O-O Ra8 17. Rfd1 Re8 18. Qb4 Qa5 19. Qxa5 Rxa5 20. Rc2 Kf8 21. Kf1
Rc8 22. Bg5 Re8 23. Rb1 f5 24. b4 axb3 25. axb3 fxe4 26. b4 exf3 27. gxf3 Bf5
28. Rcc1 Bxb1 29. Rxb1 Ra1 30. Rxa1 Bxa1 31. bxc5 dxc5 32. Bd3 Be5 33. Nf4 Ra8
34. h4 Kf7 35. Be4 e6 36. Nd3 Bd4 37. Bxb7 Ra4 38. Bc8 Rxc4 39. Nf4 Rc1+ 40. Ke2
Rc2+ 41. Kd1 Rh2 42. Bxe6+ Kg7 43. Bc4 Bf6 44. Ne6+ Kf7 45. Nc7+ Kg7 46. Ne8+
Kf8 47. Nxf6 Kg7 48. Ng4 Rg2 1-0

[Event "3rd Kolkata GM Open 2018"]
[Site "Kolkata IND"]
[Date "2018.05.22"]
[Round "9.20"]
[White "Sahoo, Utkal Ranjan"]
[Black "Laxman, R.R."]
[Result "1/2-1/2"]
[BlackTitle "GM"]
[WhiteElo "2281"]
[BlackElo "2444"]
[WhiteFideId "5034566"]
[BlackFideId "5005361"]
[EventDate "2018.05.14"]

1. d4 Nf6 2. c4 e6 3. Nc3 Bb4 4. e3 d5 5. a3 Bxc3+ 6. bxc3 c6 7. Nf3 O-O 8. Bd3
b6 9. O-O Ba6 10. cxd5 cxd5 11. Bxa6 Nxa6 12. Qe2 Nb8 13. c4 Nc6 14. Nd2 Na5 15.
Bb2 Qd7 16. cxd5 exd5 17. f3 Rfe8 18. e4 b5 19. e5 Nc4 20. Nb3 Qc6 21. Rf2 Nd7
22. Qd3 Qg6 23. Rd1 a5 24. f4 Qxd3 25. Rxd3 Rec8 26. f5 Ndb6 27. Nc5 Nxe5 28.
dxe5 Rxc5 29. e6 Na4 30. Bd4 Rc4 31. Be5 f6 32. Bb2 Nb6 33. Re2 Rf4 34. Rf2 Re4
35. Rc2 Rc4 36. Re2 Re8 37. Rg3 Kf8 38. Rb3 b4 39. axb4 a4 40. Rd3 Rec8 41. Bd4
Rxb4 42. Bxb6 Rxb6 43. Rxd5 Ra6 44. Ra2 a3 45. Rd3 Rca8 46. Kf2 R8a7 47. Kf3 Ke7
48. g4 Ra5 49. h3 g6 50. Kf4 Ra4+ 51. Kg3 gxf5 52. gxf5 h5 53. Kf3 Ke8 54. Ke2
R7a5 55. Rf3 Ke7 56. Kd2 Rd4+ 57. Ke2 Rda4 58. Kd2 h4 59. Ke2 Ra7 60. Kf2 Kd6
61. Rd3+ Ke7 62. Rf3 R4a5 63. Ke2 Kd6 64. Rd3+ Kc5 65. Re3 1/2-1/2